Protection of Consumers' Rights in Railway in the Slovak Republic

Železnice v Slovenskej republike a spokojnosť zákazníkov v železničnej doprave. Verejná správa v železniciach v Slovenskej republike. Práva spotrebiteľov na železnici v Slovenskej republike.

Enregistré dans:
Détails bibliographiques
Auteur principal: Magurová, Hana, 1986-
Autres auteurs: Horvat, Matej, Srebalová, Mária
Format: Chapitre de livre
Langue:anglais
Sujets:
Tags: Ajouter un tag
Pas de tags, Soyez le premier à ajouter un tag!

MARC

LEADER 00000nla a2200000 4500
001 0239372
005 20240502083642.7
041 0 |a eng 
044 |a PL 
245 1 0 |a Protection of Consumers' Rights in Railway in the Slovak Republic  |c Hana Magurová, Matej Horvát, Mária Srebalová 
520 |a Železnice v Slovenskej republike a spokojnosť zákazníkov v železničnej doprave. Verejná správa v železniciach v Slovenskej republike. Práva spotrebiteľov na železnici v Slovenskej republike. 
610 2 0 |a ochrana spotrebiteľa 
610 2 0 |a právo spotrebiteľské 
610 2 0 |a železnice 
610 2 0 |a správa verejná 
610 2 0 |a doprava železničná 
100 1 |a Magurová, Hana, 1986- 
700 1 |a Horvat, Matej 
700 1 |a Srebalová, Mária